00733nam a2200181 i 450000100060000000300090000600500170001500700030003200800410003511000530007624501160012926000300024530000380027561000670031385200320038099900170041295201220042983221ES-MaACL20230906174808.0t|041116s1964 sp ||||1| spa d2 aInstituto Nacional de Industria (España)9395310aResumen sobre finalidades y actuación del Instituto Nacional de Industria y de las empresas en que participa. aMadrid : b[s.n., c1964] aXVI, 560 p., 58 lám. ; c30 cm.24aInstituto Nacional de Industria (España)-vMemorias.9170432 aES-MaACLjC-25187 bR.54009 c83221d83221 00104070aATENEOMbATENEOMcDEPO2d2008-01-17eSCl0oC-25187p1086980r2023-02-23 00:00:00w2023-02-23yMONOGRAFIA